|
|
|
|
| LEADER |
00944nam a2200253 a 4500 |
| 001 |
12634573 |
| 008 |
120427s2003 inua b 001 0 eng |
| 010 |
|
|
|a 2002100053
|
| 020 |
|
|
|a 0672323990 (pbk.)
|
| 040 |
|
|
|a DLC
|c DLC
|d BD-DhAAL
|
| 042 |
|
|
|a pcc
|
| 050 |
0 |
0 |
|a QA76.73.J38
|b J3788 2003
|
| 082 |
0 |
0 |
|a 005.133
|2 22
|
| 245 |
0 |
0 |
|a Java P2P unleashed /
|c Robert Flenner ... [et al.].
|
| 260 |
|
|
|a Indianapolis, IN :
|b Sams,
|c 2003.
|
| 300 |
|
|
|a xv, 732 p. :
|b ill. ;
|c 24 cm.
|
| 504 |
|
|
|a Includes bibliographical references and index.
|
| 541 |
|
|
|e 00025046
|
| 650 |
|
0 |
|a Java (Computer program language)
|
| 650 |
|
0 |
|a Peer-to-peer architecture (Computer networks)
|
| 700 |
1 |
|
|a Flenner, Robert.
|
| 852 |
1 |
|
|a Ayesha Abed Library
|c General shelf.
|
| 999 |
|
|
|c 12119
|d 12119
|
| 952 |
|
|
|0 0
|1 0
|2 ddc
|4 0
|6 005_133000000000000_JAV
|7 0
|9 20102
|a BRACUL
|b BRACUL
|c GEN
|d 2012-04-26
|e Parama Publishers
|g 3424.32
|l 0
|o 005.133 JAV
|p 3010025046
|r 2012-04-27
|t 1
|w 2012-04-27
|y BK
|